Communes de la Province de Liège - Carte Quiz - Statistiques

Statistiques générales
  • Ce quiz a été pris 146 fois
  • Le résultat moyen est 28 sur 84
Réponses sur la Carte
Les réponses sont colorées sur une échelle allant du rouge au vert en fonction du pourcentage des utilisateurs qui les ont devinées à leur premier essai. Vous pouvez retrouver ces pourcentages ci-dessous.
 
Statistiques - réponses
Réponse % Correct
Liège
65%
Visé
59%
Dalhem
56%
Bassenge
53%
Seraing
53%
Ans
50%
Hannut
50%
Lincent
50%
Aubel
47%
Herstal
47%
Huy
47%
Spa
47%
Amel
44%
Esneux
44%
Aywaille
41%
Beyne-Heusay
41%
Awans
38%
Blegny
38%
Chaudfontaine
38%
Geer
38%
Herve
38%
Juprelle
38%
Plombières
38%
Saint-Nicolas
38%
Sprimont
38%
Waremme
38%
Dison
35%
Eupen
35%
Grâce-Hollogne
35%
Jalhay
35%
Marchin
35%
Oreye
35%
Oupeye
35%
Pepinster
35%
Saint-Vith
35%
Soumagne
35%
Trooz
35%
Verviers
35%
Burg-Reuland
32%
Clavier
32%
Crisnée
32%
Kelmis
32%
Olne
32%
Stoumont
32%
Waimes
32%
Burdinne
29%
Comblain-au-Pont
29%
Donceel
29%
Ferrières
29%
Flémalle
29%
Lierneux
29%
Limbourg
29%
Saint-Georges-sur-Meuse
29%
Stavelot
29%
Theux
29%
Trois-Ponts
29%
Baelen
26%
Braives
26%
Bütgenbach
26%
Engis
26%
Hamoir
26%
Malmedy
26%
Amay
24%
Büllingen
24%
Fléron
24%
Héron
24%
Remicourt
24%
Tinlot
24%
Wasseiges
24%
Welkenraedt
24%
Berloz
21%
Lontzen
21%
Modave
21%
Raeren
21%
Thimister-Clermont
21%
Verlaine
21%
Villers-le-Bouillet
21%
Faimes
18%
Fexhe-le-Haut-Clocher
18%
Neupré
18%
Wanze
18%
Anthisnes
15%
Nandrin
15%
Ouffet
9%
Aucun quiz correspondant
Distribution des résultats
% des personnes avec chaque résultat
Percentile par nombre de réponses
Votre historique - résultats
Vous n’avez pas pris ce quiz